Servicio de incendios : fase 7a / Jefatura Nacional de Defensa Pasiva fase 7a / Jefatura Nacional de Defensa Pasiva
Descripción Física:
[3] f. : il. ; 32 cm
MARC
| LEADER | 00000nam a2200000Ia 4500 | ||
|---|---|---|---|
| 001 | 21516 | ||
| 008 | 160829s1942 xx 000 0 cat d | ||
| 080 | |a FU-40-19 | ||
| 110 | |a Espanya. |b Jefatura Nacional de Defensa Pasiva |9 53637 | ||
| 245 | |a Servicio de incendios : |b fase 7a / Jefatura Nacional de Defensa Pasiva | ||
| 260 | |a Madrid : |b Imp. Patronato Huérfaons Militar, |c 1942 | ||
| 300 | |a [3] f. : |b il. ; |c 32 cm | ||
| 590 | |a Prové de E-29, exp. 3 | ||
| 610 | 0 | |a Espanya. |b Jefatura Nacional de Defensa Pasiva |9 53637 | |
| 650 | 0 | |a Incendis |x Extinció |x Equip i accessoris |9 41848 | |
| 856 | 4 | |u https://media.diba.cat/diba/fitxers/arxiu/fulletons/bib_21516_baixa.pdf |y Accés lliure | |
| 856 | 4 | |u https://media.diba.cat/diba/fitxers/arxiu/fulletons/bib_21516_baixa.pdf |y Accés lliure | |
| 901 | |a Arxiu | ||
| 942 | |n 1 |2 udc | ||
| 952 | |0 0 |1 0 |4 0 |6 FU4019 |7 1 |9 54033 |a Arxiu |b Arxiu |d 2016-12-01 |l 0 |o FU-40-19 |p 21516 |r 2016-12-01 00:00:00 |w 2016-12-01 |y ARXIU | ||
| 999 | |c 57901 |d 57901 | ||
| 900 | |a bib_21516_baixa.pdf | ||